000 01021nam a2200277Ia 4500
003 OSt
005 20221005111604.0
006 a|||||r|||| 00| 0
007 ta
008 221004b |||||||| |||| 00| 0 hin d
020 _a9788126317332 (hbk)
_c340
024 _a7878
037 _b252, 24/10/2013, Swaraj Prakashan
_cTextual
040 _aCRL
_cCRL
_bhin
041 _2hin
_ahin
082 _aO152,3N104,AK, L4;P9
100 _aराघव, रांगेय
245 0 _aअंधेरे के जुगनू
246 _aAandhere ke juganū
260 _aनई दिल्ली
_bभारतीय ज्ञानपीठ भारत
_c2009
300 _a201पृ0
_ccm.
490 _aलोकोदय ग्रन्थमाला; ग्रंथाक 999
650 _aहिन्दी साहित्य
942 _hO152,3N104,AK, L4;P9
_cTEXL
_2cc
999 _c1022265
_d1022265